[Event "EU-ch U18"]
[Site "Vejen"]
[Date "1993.??.??"]
[Round "3"]
[White "Guliev, Logman"]
[Black "Pedersen, Steffen"]
[Result "1-0"]
[WhiteElo "2315"]
[BlackElo "2385"]
[PlyCount "75"]
[EventDate "1993.??.??"]
[EventType "swiss"]
[EventRounds "11"]
[EventCountry "DEN"]
[Source "ChessBase"]
[SourceDate "1998.11.10"]

1. e4 e5 2. Nf3 d6 3. d4 Nf6 4. Bc4 Nxe4 5. dxe5 c6 6. Nbd2 Nc5 7. O-O d5 8.
Be2 Be7 9. Re1 O-O 10. Nf1 Nbd7 11. c4 dxc4 12. Bxc4 Nb6 13. Be2 Be6 14. Qc2
Nd5 15. a3 a5 16. Ng5 Bxg5 17. Qxc5 Nf4 18. Be3 Nxe2+ 19. Rxe2 Be7 20. Qc3 a4
21. Ng3 Ra5 22. Rd2 Rd5 23. Rad1 f6 24. Rxd5 Bxd5 25. e6 Qc8 26. Nf5 Qxe6 27.
Nxe7+ Qxe7 28. Bc5 Qe5 29. Bxf8 Kxf8 30. Qb4+ Kg8 31. Qxb7 Qe4 32. Qc8+ Kf7 33.
Qd7+ Kf8 34. Qd6+ Kf7 35. Qc7+ Kf8 36. Qg3 Qe2 37. Qb8+ Kf7 38. Qa7+ 1-0

[Event "EU-ch U18"]
[Site "Vejen"]
[Date "1993.??.??"]
[Round "3"]
[White "Hebesberger, Thomas"]
[Black "Peart, Alan"]
[Result "1/2-1/2"]
[WhiteElo "2175"]
[BlackElo "2115"]
[PlyCount "49"]
[EventDate "1993.??.??"]
[EventType "swiss"]
[EventRounds "11"]
[EventCountry "DEN"]
[Source "ChessBase"]
[SourceDate "1998.11.10"]

1. d4 Nf6 2. Nf3 d5 3. e3 Bf5 4. Nbd2 e6 5. b3 Be7 6. Bb2 O-O 7. Be2 Nbd7 8.
O-O Re8 9. Ne5 c5 10. c4 Rc8 11. Ndf3 dxc4 12. Bxc4 Nb6 13. Bb5 Rf8 14. Qe2 a6
15. Bd3 Bxd3 16. Qxd3 Qd5 17. Rac1 Rfd8 18. Ba3 Nbd7 19. Rfd1 Bd6 20. Nxd7 Nxd7
21. e4 Qh5 22. e5 Bf8 23. Qe4 b6 24. Qb7 Rb8 25. Qc7 1/2-1/2

[Event "EU-ch U18"]
[Site "Vejen"]
[Date "1993.??.??"]
[Round "3"]
[White "Kempinski, Robert"]
[Black "Hedman, Erik"]
[Result "1/2-1/2"]
[WhiteElo "2370"]
[BlackElo "2255"]
[PlyCount "88"]
[EventDate "1993.??.??"]
[EventType "swiss"]
[EventRounds "11"]
[EventCountry "DEN"]
[Source "ChessBase"]
[SourceDate "1998.11.10"]

1. Nf3 Nf6 2. c4 e6 3. d4 d5 4. e3 c5 5. Nc3 Nc6 6. cxd5 exd5 7. Be2 Be7 8.
dxc5 Bxc5 9. O-O O-O 10. b3 a6 11. Bb2 Qd6 12. Rc1 Re8 13. Qc2 Bb6 14. Rfd1 Qe7
15. Na4 Ba7 16. Nd4 Ne5 17. Qc7 Qxc7 18. Rxc7 b5 19. Bxb5 Bxd4 20. Bxd4 axb5
21. Nb6 Bg4 22. f3 Bxf3 23. gxf3 Nxf3+ 24. Kg2 Nxd4 25. Nxa8 Rxa8 26. Rxd4
Rxa2+ 27. Kg3 g5 28. h4 g4 29. Rb7 h5 30. Rxb5 Ne4+ 31. Rxe4 dxe4 32. Rxh5 Rb2
33. Rb5 Re2 34. Kf4 f6 35. b4 g3 36. Kxg3 Rxe3+ 37. Kf4 Rh3 38. Kxe4 Rxh4+ 39.
Kd5 Rh5+ 40. Kc6 Rxb5 41. Kxb5 f5 42. Kc4 Kf7 43. b5 Ke7 44. b6 Kd7 1/2-1/2

[Event "EU-ch U18"]
[Site "Vejen"]
[Date "1993.??.??"]
[Round "3"]
[White "Lassila, Erkki"]
[Black "Roberts, Paul"]
[Result "1-0"]
[WhiteElo "2115"]
[BlackElo "2195"]
[PlyCount "77"]
[EventDate "1993.??.??"]
[EventType "swiss"]
[EventRounds "11"]
[EventCountry "DEN"]
[Source "ChessBase"]
[SourceDate "1998.11.10"]

1. d4 f5 2. Nf3 Nf6 3. g3 g6 4. Bg2 Bg7 5. O-O O-O 6. c4 d6 7. Nc3 Qe8 8. d5
Na6 9. Nd4 Bd7 10. e4 Nxe4 11. Nxe4 fxe4 12. Bxe4 Nc5 13. Bg2 Qf7 14. Be3 a5
15. Qd2 Qf6 16. Rab1 Kh8 17. Rfe1 h6 18. b3 g5 19. a3 Qg6 20. Rbd1 Bg4 21. f3
Bd7 22. b4 axb4 23. axb4 Na6 24. f4 Bg4 25. Rb1 Bf6 26. Rb3 Rab8 27. h3 Bd7 28.
g4 gxf4 29. Bxf4 Bh4 30. Rf1 Rf6 31. Nf3 Bg5 32. Nxg5 hxg5 33. Bxg5 Rxf1+ 34.
Bxf1 e5 35. dxe6 Bxe6 36. Rf3 Qb1 37. Qd4+ Kg8 38. Bh6 Qh7 39. Qf6 1-0

[Event "EU-ch U18"]
[Site "Vejen"]
[Date "1993.??.??"]
[Round "3"]
[White "Maiwald, Jens Uwe"]
[Black "Kekelidze, Mikheil"]
[Result "1-0"]
[WhiteElo "2430"]
[BlackElo "2230"]
[PlyCount "123"]
[EventDate "1993.??.??"]
[EventType "swiss"]
[EventRounds "11"]
[EventCountry "DEN"]
[Source "ChessBase"]
[SourceDate "1998.11.10"]

1. d4 e6 2. Nf3 f5 3. g3 Nf6 4. Bg2 Be7 5. O-O O-O 6. b3 d6 7. Bb2 Qe8 8. Nbd2
Qh5 9. Ne1 d5 10. Nd3 c6 11. e3 Qh6 12. Qe2 Nbd7 13. c4 b6 14. Rac1 Ba6 15. Nf4
Ne4 16. Nxe4 fxe4 17. h4 Bd6 18. f3 e5 19. dxe5 Nxe5 20. Bxe5 Bxe5 21. fxe4
dxe4 22. Bxe4 Rae8 23. Qf3 Rf6 24. Rcd1 Bc8 25. Rd2 Bh3 26. Rfd1 Bc7 27. b4 Bc8
28. b5 cxb5 29. cxb5 g5 30. hxg5 Qxg5 31. Bc6 Bxf4 32. exf4 Qc5+ 33. Qf2 Re3
34. Rd3 Rxd3 35. Rxd3 Qc1+ 36. Qf1 Qc5+ 37. Qf2 Qc1+ 38. Qf1 Qc5+ 39. Kg2 Qc2+
40. Kf3 Kg7 41. Re3 h5 42. Re5 Qc3+ 43. Ke4 Bf5+ 44. Rxf5 Qb4+ 45. Kf3 Qc3+ 46.
Ke4 Qb4+ 47. Kf3 Rxf5 48. Qa1+ Rf6 49. Qe5 Qa3+ 50. Ke4 Qa4+ 51. Kf3 Qa3+ 52.
Ke4 Qxg3 53. Qe7+ Rf7 54. Qe5+ Rf6 55. Qe7+ Rf7 56. Qe5+ Kh6 57. Qe6+ Qg6+ 58.
Qxg6+ Kxg6 59. Be8 Kf6 60. Bxf7 Kxf7 61. Kf5 Ke7 62. Kg5 1-0

[Event "EU-ch U18"]
[Site "Vejen"]
[Date "1993.??.??"]
[Round "3"]
[White "Nielsen, Peter Heine"]
[Black "Savko, Alexei"]
[Result "1-0"]
[WhiteElo "2465"]
[BlackElo "2340"]
[PlyCount "151"]
[EventDate "1993.??.??"]
[EventType "swiss"]
[EventRounds "11"]
[EventCountry "DEN"]
[Source "ChessBase"]
[SourceDate "1998.11.10"]

1. e4 Nf6 2. e5 Nd5 3. d4 d6 4. Nf3 Bg4 5. Be2 e6 6. O-O Be7 7. c4 Nb6 8. Nc3
O-O 9. Be3 d5 10. c5 Bxf3 11. gxf3 Nc8 12. f4 Nc6 13. b4 a6 14. Rb1 Bh4 15. Bd3
g6 16. Qg4 f5 17. Qh3 Rf7 18. Kh1 b6 19. Rfc1 bxc5 20. bxc5 Rg7 21. Ne2 Be7 22.
Ng1 a5 23. Bb5 N8a7 24. Ba4 Rb8 25. a3 Kf7 26. Nf3 Qh8 27. Qf1 Qc8 28. Rxb8
Nxb8 29. Rb1 Rg8 30. Qd3 Nbc6 31. Kg2 Rd8 32. Bd2 h6 33. h4 Rg8 34. Kf1 Rh8 35.
Ke2 Rg8 36. Kd1 Rh8 37. Kc1 Rg8 38. Kb2 Rh8 39. Ka2 Rg8 40. Qf1 Rg7 41. Rb3 Rg8
42. Rb2 Rh8 43. Rb1 Rg8 44. Bc2 Rh8 45. Bd3 Qa8 46. Qg2 Rb8 47. Rg1 Rg8 48. Qh3
h5 49. Qg2 Qd8 50. Qg3 Qa8 51. Rb1 Qc8 52. Bc3 Ke8 53. Qg2 Kd7 54. Qf1 Qa8 55.
Bc2 Qc8 56. Ba4 Kd8 57. Rb2 Rg7 58. Kb1 Rg8 59. Kc1 Rg7 60. Kd1 Rg8 61. Ke1 Rg7
62. Qe2 Rg8 63. Kf1 Rg7 64. Kg2 Rg8 65. Kg3 Rg7 66. Qe1 Rg8 67. Bd2 Rg7 68. Kh3
Rg8 69. Qf1 Rg7 70. Bc3 Rg8 71. Nd2 Bf8 72. Nb3 Bh6 73. Nxa5 Nxa5 74. Bxa5 Bxf4
75. c6 g5 76. Rb7 1-0

[Event "EU-ch U18"]
[Site "Vejen"]
[Date "1993.??.??"]
[Round "3"]
[White "Papaioannou, Ioannis"]
[Black "Rogozenco, Dorian"]
[Result "1-0"]
[WhiteElo "2385"]
[BlackElo "2500"]
[PlyCount "121"]
[EventDate "1993.??.??"]
[EventType "swiss"]
[EventRounds "11"]
[EventCountry "DEN"]
[Source "ChessBase"]
[SourceDate "1998.11.10"]

1. d4 Nf6 2. c4 d6 3. Nc3 Nbd7 4. e4 e5 5. Nge2 c6 6. f3 Be7 7. Be3 O-O 8. d5
cxd5 9. cxd5 a6 10. g4 b5 11. Ng3 Nb6 12. Qd2 Bd7 13. g5 Ne8 14. Nf5 Rb8 15. a3
Nc7 16. h4 a5 17. b4 axb4 18. axb4 Nc4 19. Bxc4 bxc4 20. Ra7 Nb5 21. Nxb5 Rxb5
22. h5 Bxf5 23. exf5 c3 24. Qd3 Bxg5 25. h6 gxh6 26. Qxb5 Bxe3 27. Ra2 Qg5 28.
Qf1 Bd2+ 29. Ke2 Qxf5 30. Qg1+ Bg5 31. Qg4 Qxg4 32. fxg4 e4 33. b5 Rb8 34. Rb1
Rb6 35. Kd1 e3 36. Rc2 Bf6 37. Ke2 Bd4 38. Kd3 Bc5 39. Rxc3 Kf8 40. Kc4 Rb7 41.
Rc2 Kg7 42. Kd3 Kg6 43. Rxc5 dxc5 44. Kc4 h5 45. Kxc5 hxg4 46. Kc6 Rb8 47. Kc7
Rf8 48. b6 f5 49. b7 f4 50. b8=Q Rxb8 51. Kxb8 e2 52. d6 f3 53. d7 f2 54. d8=Q
e1=Q 55. Rb6+ Kf5 56. Qf6+ Ke4 57. Re6+ Kd3 58. Qd8+ Kc2 59. Rc6+ Kb3 60. Qd3+
Kb4 61. Qc4+ 1-0

[Event "EU-ch U18"]
[Site "Vejen"]
[Date "1993.??.??"]
[Round "3"]
[White "Silva, Paulo"]
[Black "Huberty, Marc"]
[Result "0-1"]
[WhiteElo "1950"]
[BlackElo "2130"]
[PlyCount "86"]
[EventDate "1993.??.??"]
[EventType "swiss"]
[EventRounds "11"]
[EventCountry "DEN"]
[Source "ChessBase"]
[SourceDate "1998.11.10"]

1. Nf3 Nf6 2. g3 g6 3. Bg2 Bg7 4. O-O O-O 5. d3 d6 6. c3 c5 7. e4 Nc6 8. Nbd2
Bd7 9. Nc4 b5 10. Ne3 Rb8 11. Bd2 a5 12. Nd5 a4 13. Rb1 b4 14. Nxf6+ Bxf6 15.
Qxa4 bxc3 16. bxc3 Nb4 17. Qb3 Nxd3 18. Qc2 Ne5 19. Nxe5 Bxe5 20. Bf3 Ra8 21.
Bh6 Re8 22. Bf4 Bg7 23. Ra1 Ra3 24. Bd2 Qa5 25. Rfc1 Be6 26. Rab1 Rxa2 27. Qd3
Qa4 28. Bd1 Qc4 29. Qe3 Qa6 30. h4 h5 31. Be2 Bc4 32. Bf3 Kh7 33. g4 hxg4 34.
Bxg4 Bd3 35. h5 Rxd2 36. hxg6+ fxg6 37. Qxd2 Bh6 38. Qb2 Bxb1 39. Rxb1 Qd3 40.
Qa2 Rf8 41. Rb7 Qxe4 42. Bc8 Qe1+ 43. Kg2 Bd2 0-1

[Event "EU-ch U18"]
[Site "Vejen"]
[Date "1993.??.??"]
[Round "3"]
[White "Tratar, Marko"]
[Black "Van Beers, Eddy"]
[Result "1-0"]
[WhiteElo "2290"]
[BlackElo "2175"]
[PlyCount "129"]
[EventDate "1993.??.??"]
[EventType "swiss"]
[EventRounds "11"]
[EventCountry "DEN"]
[Source "ChessBase"]
[SourceDate "1998.11.10"]

1. d4 Nf6 2. Nf3 e6 3. g3 d5 4. Bg2 Be7 5. O-O O-O 6. c4 dxc4 7. Qc2 a6 8. Qxc4
b5 9. Qc2 Bb7 10. Bd2 Be4 11. Qc1 Nbd7 12. Ba5 Ra7 13. Nbd2 Bd5 14. Qc2 Qa8 15.
Rfc1 c5 16. dxc5 Bxc5 17. Nb3 Bb6 18. Ne1 Bxg2 19. Nxg2 Rc7 20. Qd1 Rfc8 21.
Rxc7 Rxc7 22. Rc1 Qd5 23. Bxb6 Nxb6 24. Nf4 Qxd1+ 25. Rxd1 g5 26. Nd3 Na4 27.
f3 Rc2 28. Rd2 Rxd2 29. Nxd2 Nd7 30. Ne4 h6 31. b3 Nab6 32. Nec5 a5 33. Nb7 a4
34. Nd6 axb3 35. axb3 b4 36. Nb7 Nd5 37. Kf2 f5 38. Na5 Nb8 39. e4 fxe4 40.
fxe4 Nf6 41. Kf3 Na6 42. h3 Nd7 43. Ke3 e5 44. Nc6 Ndc5 45. Ncxb4 Nxb4 46. Nxc5
Kf7 47. Kd2 Nc6 48. Kc3 Ke7 49. Kc4 Kd6 50. b4 Nd4 51. Nd3 Ne2 52. g4 Ng1 53.
Nf2 Nf3 54. Kb5 Nd2 55. Kb6 Nc4+ 56. Ka6 Nd2 57. b5 Nb3 58. Nd3 Nd4 59. b6 Nc6
60. Kb5 Nb8 61. Nb2 Nc6 62. Nc4+ Kd7 63. Kc5 Nd8 64. Nxe5+ Ke6 65. Nc4 1-0

[Event "EU-ch U18"]
[Site "Vejen"]
[Date "1993.??.??"]
[Round "4"]
[White "Aagaard, Jacob"]
[Black "Brancaleoni, Maurizio"]
[Result "1-0"]
[WhiteElo "2255"]
[BlackElo "2195"]
[PlyCount "43"]
[EventDate "1993.??.??"]
[EventType "swiss"]
[EventRounds "11"]
[EventCountry "DEN"]
[Source "ChessBase"]
[SourceDate "1998.11.10"]

1. e4 e5 2. Nf3 Nc6 3. Bb5 Nf6 4. Qe2 a6 5. Ba4 b5 6. Bb3 Bc5 7. d3 h6 8. O-O
O-O 9. Nbd2 Re8 10. c3 d5 11. exd5 Nxd5 12. Ne4 Bb6 13. Bxh6 Bg4 14. h3 Bh5 15.
Bg5 Nf4 16. Qd2 Qd7 17. Bxf4 exf4 18. Qxf4 Bg6 19. Rad1 a5 20. Qg3 a4 21. Qxg6
axb3 22. Nf6+ 1-0

[Event "EU-ch U18"]
[Site "Vejen"]
[Date "1993.??.??"]
[Round "4"]
[White "Antonsen, Mikkel"]
[Black "Masserey, Yvan"]
[Result "1/2-1/2"]
[WhiteElo "2385"]
[BlackElo "2320"]
[PlyCount "61"]
[EventDate "1993.??.??"]
[EventType "swiss"]
[EventRounds "11"]
[EventCountry "DEN"]
[Source "ChessBase"]
[SourceDate "1998.11.10"]

1. d4 g6 2. c4 Bg7 3. e4 d6 4. Be3 c5 5. Ne2 cxd4 6. Nxd4 Nh6 7. Be2 O-O 8. Qd2
Ng4 9. Bxg4 Bxg4 10. Nc3 Nc6 11. O-O Rc8 12. b3 Qa5 13. f3 Bd7 14. Rac1 Nxd4
15. Bxd4 Bc6 16. Rfd1 a6 17. Bxg7 Kxg7 18. Ne2 Qxd2 19. Rxd2 b6 20. Kf2 Rc7 21.
a4 Rfc8 22. Rdc2 Bd7 23. Nf4 Bc6 24. Ke3 Kf8 25. h4 Kg7 26. g4 h6 27. g5 hxg5
28. hxg5 Bb7 29. b4 a5 30. Nd3 axb4 31. Nxb4 1/2-1/2

[Event "EU-ch U18"]
[Site "Vejen"]
[Date "1993.??.??"]
[Round "4"]
[White "Bauer, Christian"]
[Black "Georgiev, Vladimir"]
[Result "1-0"]
[WhiteElo "2485"]
[BlackElo "2430"]
[PlyCount "89"]
[EventDate "1993.??.??"]
[EventType "swiss"]
[EventRounds "11"]
[EventCountry "DEN"]
[Source "ChessBase"]
[SourceDate "1998.11.10"]

1. d4 Nf6 2. Nf3 g6 3. Bf4 Bg7 4. e3 O-O 5. Be2 d6 6. h3 c5 7. O-O Qb6 8. Nbd2
Nd5 9. Nc4 Qc7 10. Bh2 cxd4 11. exd4 Bh6 12. Re1 Be6 13. Bf1 Nd7 14. Ncd2 N5f6
15. c4 Rfe8 16. d5 Bf5 17. g4 Nxg4 18. hxg4 Bxg4 19. Be2 Nf6 20. b3 Qc5 21. Nh4
Bh3 22. Bf3 e5 23. Ng2 Bg7 24. Rc1 h5 25. Ne3 b6 26. Ne4 Nxe4 27. Bxe4 f5 28.
Bg2 Bxg2 29. Nxg2 Kf7 30. Qd2 a5 31. Qe3 Qc7 32. f4 exf4 33. Qxf4 Qc5+ 34. Kh1
Be5 35. Qd2 Qb4 36. Qd3 a4 37. Bxe5 dxe5 38. d6 Rad8 39. Rcd1 axb3 40. axb3 Re6
41. d7 Qc5 42. Qg3 Qe7 43. Rd5 h4 44. Qxh4 Rxd7 45. Qh7+ 1-0

[Event "EU-ch U18"]
[Site "Vejen"]
[Date "1993.??.??"]
[Round "4"]
[White "Huberty, Marc"]
[Black "Babula, Vlastimil"]
[Result "0-1"]
[WhiteElo "2130"]
[BlackElo "2395"]
[PlyCount "56"]
[EventDate "1993.??.??"]
[EventType "swiss"]
[EventRounds "11"]
[EventCountry "DEN"]
[Source "ChessBase"]
[SourceDate "1998.11.10"]

1. e4 c5 2. Nc3 Nc6 3. f4 d6 4. Nf3 g6 5. Bc4 Bg7 6. O-O Nf6 7. d3 O-O 8. Qe1
Na5 9. Bd2 Ne8 10. f5 e6 11. Bg5 f6 12. Bf4 Nxc4 13. dxc4 e5 14. Be3 gxf5 15.
Rd1 Qa5 16. Nh4 fxe4 17. Nf5 Be6 18. Qg3 Bxc4 19. Bh6 Qc7 20. Nxg7 Nxg7 21.
Rxd6 Rf7 22. Rfd1 Kh8 23. Qg4 Ne6 24. Nxe4 f5 25. Qg3 fxe4 26. Qxe5+ Ng7 27.
Qxe4 Qxd6 28. Bxg7+ Kxg7 0-1

[Event "EU-ch U18"]
[Site "Vejen"]
[Date "1993.??.??"]
[Round "4"]
[White "Izsak, Gyula"]
[Black "Tratar, Marko"]
[Result "1-0"]
[WhiteElo "2385"]
[BlackElo "2290"]
[PlyCount "61"]
[EventDate "1993.??.??"]
[EventType "swiss"]
[EventRounds "11"]
[EventCountry "DEN"]
[Source "ChessBase"]
[SourceDate "1998.11.10"]

1. d4 Nf6 2. c4 g6 3. Nf3 Bg7 4. g3 O-O 5. Bg2 d6 6. O-O Nbd7 7. Nc3 e5 8. e4
exd4 9. Nxd4 Re8 10. h3 Nc5 11. Re1 Bd7 12. Bf4 Qc8 13. Kh2 h6 14. f3 Nh7 15.
Qd2 h5 16. Rad1 Be5 17. Nde2 Be6 18. b3 Qd8 19. Be3 h4 20. f4 hxg3+ 21. Nxg3
Bxc3 22. Qxc3 Qh4 23. f5 Bc8 24. Bxc5 dxc5 25. Rf1 a5 26. e5 gxf5 27. Nxf5 Bxf5
28. Rxf5 c6 29. Rg1 Kf8 30. Qe3 Re7 31. Bf3 1-0

[Event "EU-ch U18"]
[Site "Vejen"]
[Date "1993.??.??"]
[Round "4"]
[White "Kekelidze, Mikheil"]
[Black "Kempinski, Robert"]
[Result "0-1"]
[WhiteElo "2230"]
[BlackElo "2370"]
[PlyCount "88"]
[EventDate "1993.??.??"]
[EventType "swiss"]
[EventRounds "11"]
[EventCountry "DEN"]
[Source "ChessBase"]
[SourceDate "1998.11.10"]

1. Nf3 Nf6 2. c4 g6 3. Nc3 Bg7 4. e4 d6 5. d4 O-O 6. h3 Na6 7. Bg5 c6 8. Bd3 e5
9. d5 Nc5 10. Bc2 h6 11. Be3 cxd5 12. cxd5 Nh5 13. Qd2 Nf4 14. Bxf4 exf4 15.
Qxf4 f5 16. e5 dxe5 17. Qc4 b6 18. O-O-O Ba6 19. Qh4 Qd6 20. Qg3 Rfd8 21. Rhe1
e4 22. Qxd6 Rxd6 23. Nd4 Nd3+ 24. Bxd3 Bxd3 25. Nc6 Kf8 26. f3 h5 27. f4 Bh6
28. Rxd3 exd3 29. Kd2 Bxf4+ 30. Kxd3 a6 31. Rf1 Bg3 32. Ne4 Rxd5+ 33. Kc4 Rd7
34. Nb4 Be5 35. Ng5 a5 36. Nc6 Bxb2 37. Kb5 Rd2 38. g4 Bf6 39. Ne4 Rb2+ 40. Kc4
Rc8 41. Kd5 Kf7 42. gxf5 Rb5+ 43. Kd6 Rxf5 44. Rb1 Rf4 0-1

[Event "EU-ch U18"]
[Site "Vejen"]
[Date "1993.??.??"]
[Round "4"]
[White "Kiriakov, Petr"]
[Black "Nielsen, Peter Heine"]
[Result "1-0"]
[WhiteElo "2385"]
[BlackElo "2465"]
[PlyCount "139"]
[EventDate "1993.??.??"]
[EventType "swiss"]
[EventRounds "11"]
[EventCountry "DEN"]
[Source "ChessBase"]
[SourceDate "1998.11.10"]

1. d4 Nf6 2. c4 e6 3. Nc3 Bb4 4. Qc2 d5 5. cxd5 exd5 6. Bg5 h6 7. Bxf6 Qxf6 8.
a3 Bxc3+ 9. Qxc3 O-O 10. e3 Bf5 11. Ne2 Rc8 12. Ng3 Nd7 13. b4 c6 14. Be2 b5
15. O-O Nb6 16. f3 Bg6 17. f4 Be4 18. f5 Re8 19. Rf4 Qd6 20. Raf1 Nd7 21. Rc1
Rac8 22. Nh5 Kh8 23. Qe1 g5 24. Rf1 Nf6 25. Nxf6 Qxf6 26. Qg3 Kh7 27. Rc3 a6
28. h3 Kg7 29. h4 Rg8 30. h5 Rge8 31. Bg4 Re7 32. Qe1 Kh7 33. Qd2 Rec7 34. Rfc1
Qd6 35. Qf2 Ra8 36. Be2 Kg7 37. Rc5 Kf6 38. Bf1 Rb8 39. Be2 Rg8 40. g4 Rgc8 41.
a4 Ke7 42. Ra1 f6 43. Ra3 Qd7 44. Kh2 Rb7 45. Qe1 Ra7 46. Kh3 Rcc7 47. Qa1 Rab7
48. Qc1 Qc8 49. Rac3 Kd7 50. Qe1 Qf8 51. Ra3 Qd8 52. Qg3 Ke7 53. Qg1 Qd7 54.
Qa1 Qd8 55. Qc3 Kd7 56. Ra1 Qf8 57. Qc1 Qb8 58. Qc3 Ra7 59. Rc1 Qc8 60. Kh2
Rab7 61. Kh3 Rb8 62. Bf1 Kd6 63. Bg2 Bxg2+ 64. Kxg2 Ke7 65. Rxd5 cxd5 66. Qxc7+
Qxc7 67. Rxc7+ Kd8 68. Rf7 a5 69. bxa5 bxa4 70. a6 1-0

[Event "EU-ch U18"]
[Site "Vejen"]
[Date "1993.??.??"]
[Round "4"]
[White "Lassila, Erkki"]
[Black "Pedersen, Steffen"]
[Result "0-1"]
[WhiteElo "2115"]
[BlackElo "2385"]
[PlyCount "70"]
[EventDate "1993.??.??"]
[EventType "swiss"]
[EventRounds "11"]
[EventCountry "DEN"]
[Source "ChessBase"]
[SourceDate "1998.11.10"]

1. d4 f5 2. Nf3 Nf6 3. g3 g6 4. Bg2 Bg7 5. O-O O-O 6. c4 d6 7. Nc3 Qe8 8. d5
Na6 9. Nd4 Bd7 10. e4 fxe4 11. Nxe4 Nxe4 12. Bxe4 c6 13. h4 Nc7 14. h5 c5 15.
hxg6 hxg6 16. Nf3 Bg4 17. Qd3 b5 18. Nh4 bxc4 19. Qxc4 Bf5 20. Qc2 Qf7 21. Bg5
Rab8 22. Rab1 Rb4 23. Nxf5 gxf5 24. Bg2 Nxd5 25. Bxd5 Qxd5 26. Bxe7 Rf7 27. Bh4
Rxh4 28. gxh4 Bd4 29. Qb3 Rg7+ 30. Kh2 Rg2+ 31. Kh3 c4 32. Qb8+ Kh7 33. f3 Rg8
34. Qc7+ Rg7 35. Qd8 Qe5 0-1

[Event "EU-ch U18"]
[Site "Vejen"]
[Date "1993.??.??"]
[Round "4"]
[White "Liiva, Riho"]
[Black "Danielian, Oganes"]
[Result "0-1"]
[WhiteElo "2360"]
[BlackElo "2460"]
[PlyCount "122"]
[EventDate "1993.??.??"]
[EventType "swiss"]
[EventRounds "11"]
[EventCountry "DEN"]
[Source "ChessBase"]
[SourceDate "1998.11.10"]

1. e4 e6 2. d4 d5 3. exd5 exd5 4. Nf3 Nc6 5. Bd3 Bd6 6. c3 Nge7 7. Bg5 h6 8.
Bh4 f5 9. Bxe7 Qxe7+ 10. Qe2 g5 11. Nbd2 Bd7 12. O-O Qxe2 13. Bxe2 Kf7 14. Bb5
Rhe8 15. Rfe1 Kf6 16. Rxe8 Rxe8 17. Re1 g4 18. Rxe8 Bxe8 19. Ne1 a6 20. Be2 Nd8
21. g3 Ne6 22. Nd3 c5 23. dxc5 Nxc5 24. Nxc5 Bxc5 25. Nb3 Bb6 26. Nd4 Ke5 27.
Bd3 f4 28. Ne2 f3 29. Nf4 Bd8 30. Ng6+ Kd6 31. h3 gxh3 32. Bf5 Bb6 33. Nh4
Bxf2+ 34. Kh2 Ke5 35. Bg4 Be3 36. Bxf3 Bd7 37. Ng6+ Kf6 38. Nf4 Bxf4 39. gxf4
Be6 40. Kg3 b6 41. Be2 a5 42. Bh5 Bf5 43. Bf3 Ke6 44. a3 Kd6 45. b4 Be6 46. Kh2
Ke7 47. Kg3 Kf7 48. Be2 Kg6 49. Bd3+ Bf5 50. Bf1 h5 51. bxa5 bxa5 52. c4 d4 53.
c5 d3 54. c6 d2 55. Be2 Bg4 56. c7 Be6 57. Kf2 Kf5 58. Kg3 Ke4 59. Bxh5 Kd3 60.
Bd1 Kc3 61. Bh5 Kb2 0-1

[Event "EU-ch U18"]
[Site "Vejen"]
[Date "1993.??.??"]
[Round "4"]
[White "Papaioannou, Ioannis"]
[Black "Maiwald, Jens Uwe"]
[Result "1/2-1/2"]
[WhiteElo "2385"]
[BlackElo "2430"]
[PlyCount "34"]
[EventDate "1993.??.??"]
[EventType "swiss"]
[EventRounds "11"]
[EventCountry "DEN"]
[Source "ChessBase"]
[SourceDate "1998.11.10"]

1. d4 d6 2. c4 g6 3. Nc3 Bg7 4. e4 Nf6 5. f3 O-O 6. Be3 c6 7. Nge2 e5 8. Qd2
Nbd7 9. O-O-O a6 10. Kb1 b5 11. dxe5 Nxe5 12. Ng3 bxc4 13. Qxd6 Qxd6 14. Rxd6
Be6 15. Be2 Rfb8 16. Kc2 Ne8 17. Rd2 Nc7 1/2-1/2

[Event "EU-ch U18"]
[Site "Vejen"]
[Date "1993.??.??"]
[Round "4"]
[White "Peart, Alan"]
[Black "Roberts, Paul"]
[Result "1/2-1/2"]
[WhiteElo "2115"]
[BlackElo "2195"]
[PlyCount "83"]
[EventDate "1993.??.??"]
[EventType "swiss"]
[EventRounds "11"]
[EventCountry "DEN"]
[Source "ChessBase"]
[SourceDate "1998.11.10"]

1. e4 c5 2. c3 d5 3. exd5 Qxd5 4. d4 Nf6 5. Nf3 Bg4 6. Be2 e6 7. O-O Be7 8. Be3
cxd4 9. cxd4 Nc6 10. Nc3 Qd6 11. h3 Bh5 12. a3 O-O 13. Qb3 a6 14. Rad1 Rfd8 15.
Rfe1 b5 16. Ng5 Bg6 17. Bf3 Na5 18. Qa2 Rac8 19. Nge4 Qc7 20. Rc1 Qc4 21. Nd2
Qxa2 22. Nxa2 Nc4 23. Bb7 Rb8 24. Bxa6 Nxb2 25. Bf4 Bd6 26. Bxd6 Rxd6 27. Bxb5
Rxd4 28. Nf3 Rdd8 29. Be2 Nd5 30. Ne5 Ra8 31. Nxg6 Rxa3 32. Rc2 Rxa2 33. Ne5
Nb4 34. Rc7 Rf8 35. Rb7 Nd5 36. Rb1 Na4 37. Bc4 Rd2 38. Rb8 g6 39. Rxf8+ Kxf8
40. Rb8+ Kg7 41. Rb7 Kf6 42. Ng4+ 1/2-1/2

[Event "EU-ch U18"]
[Site "Vejen"]
[Date "1993.??.??"]
[Round "4"]
[White "Petrov, Jole"]
[Black "Skrebnevskis, Romanas"]
[Result "0-1"]
[WhiteElo "2360"]
[BlackElo "2105"]
[PlyCount "86"]
[EventDate "1993.??.??"]
[EventType "swiss"]
[EventRounds "11"]
[EventCountry "DEN"]
[Source "ChessBase"]
[SourceDate "1998.11.10"]

1. Nf3 Nf6 2. g3 d5 3. c4 e6 4. Bg2 Be7 5. O-O O-O 6. d4 dxc4 7. Ne5 Nc6 8.
Nxc6 bxc6 9. Bxc6 Rb8 10. Qa4 Rb6 11. Rd1 Qd6 12. Bg2 Ba6 13. Nc3 Qb4 14. Qc2
Rd8 15. Na4 Rbb8 16. Rb1 Qb5 17. Nc5 Bxc5 18. dxc5 Nd5 19. Bg5 Rd7 20. Bxd5
Rxd5 21. Rxd5 exd5 22. Be3 Qd7 23. Rd1 Re8 24. Rd4 h6 25. Qd2 c6 26. Rh4 Qf5
27. Qa5 Bc8 28. Qc7 Qg6 29. h3 Bf5 30. Kh2 Kh7 31. Qf4 Be6 32. a4 a6 33. a5 Kg8
34. Qd6 Rc8 35. Qe5 Kh7 36. Bd4 Rg8 37. Qf4 Qc2 38. Be3 g5 39. Rxh6+ Kxh6 40.
Qh4+ Kg7 41. Qxg5+ Qg6 42. Qe5+ Kh7 43. Bd4 Qf5 0-1

[Event "EU-ch U18"]
[Site "Vejen"]
[Date "1993.??.??"]
[Round "4"]
[White "Rogozenco, Dorian"]
[Black "Guliev, Logman"]
[Result "1-0"]
[WhiteElo "2500"]
[BlackElo "2315"]
[PlyCount "71"]
[EventDate "1993.??.??"]
[EventType "swiss"]
[EventRounds "11"]
[EventCountry "DEN"]
[Source "ChessBase"]
[SourceDate "1998.11.10"]

1. d4 Nf6 2. c4 g6 3. Nc3 Bg7 4. e4 d6 5. f3 O-O 6. Be3 Nc6 7. Nge2 a6 8. Qd2
Rb8 9. h4 h5 10. Nc1 e5 11. d5 Nd4 12. N1e2 c5 13. dxc6 Nxc6 14. O-O-O Be6 15.
Qxd6 Bxc4 16. Qc5 Bd3 17. Ng3 Nd7 18. Rxd3 Nxc5 19. Rxd8 Rfxd8 20. Bxc5 Bh6+
21. Kb1 Rd2 22. Be2 Rbd8 23. Nf1 R2d7 24. Nd5 Kg7 25. Bb6 Rf8 26. g4 hxg4 27.
fxg4 Rh8 28. Nh2 Bf4 29. Nf3 f6 30. Bd1 g5 31. h5 Ne7 32. Nxf4 gxf4 33. g5 Nc8
34. Ba5 Rd6 35. gxf6+ Kxf6 36. Nxe5 1-0

[Event "EU-ch U18"]
[Site "Vejen"]
[Date "1993.??.??"]
[Round "4"]
[White "Savko, Alexei"]
[Black "Nilssen, John Arni"]
[Result "1-0"]
[WhiteElo "2340"]
[BlackElo "2265"]
[PlyCount "91"]
[EventDate "1993.??.??"]
[EventType "swiss"]
[EventRounds "11"]
[EventCountry "DEN"]
[Source "ChessBase"]
[SourceDate "1998.11.10"]

1. e4 c5 2. Nf3 Nc6 3. d4 cxd4 4. Nxd4 e5 5. Nf5 d5 6. Qxd5 Qxd5 7. exd5 Bxf5
8. dxc6 bxc6 9. Bd3 Bxd3 10. cxd3 O-O-O 11. Ke2 Bc5 12. Be3 Bd4 13. Nc3 Nf6 14.
Rac1 Kb7 15. Bg5 h6 16. Bxf6 gxf6 17. g4 h5 18. h3 hxg4 19. hxg4 Bxc3 20. bxc3
Kc7 21. Ke3 Kd6 22. Rb1 Rxh1 23. Rxh1 Ke7 24. Rb1 Rd7 25. Ke4 Ke6 26. Rb4 Rd5
27. Ra4 Rd7 28. Ra6 Rc7 29. f3 f5+ 30. gxf5+ Kd6 31. f6 Ke6 32. Ra5 Kxf6 33.
Rxe5 c5 34. Re8 Rc6 35. Kd5 Ra6 36. Kxc5 Rxa2 37. d4 Ra3 38. Re3 Ra5+ 39. Kc6
Ra6+ 40. Kb5 Rd6 41. Kc5 Rd8 42. d5 a5 43. c4 a4 44. d6 a3 45. Rxa3 Ke6 46.
Re3+ 1-0